000 00299nam a22001337a 4500
008 260323b ||||| |||| 00| 0 eng d
020 _a9789951053549
041 _aeng
080 _a02.
100 _a25
101 _aPërralla
245 _aPërralla e Postierit
_cKarel Capëk
942 _2udc
_cBK
999 _c60920
_d60920